Manažment životného cyklu leteckej techniky I. /

Guardado en:
Detalles Bibliográficos
Autores principales: Koblen, Ivan, 1958- (Autor), Szabo, Stanislav (Autor)
Otros Autores: Tkáč, Michal (Revisador), Němec, Vladimír (Revisador), Socha, Ľuboš (Revisador)
Formato: Libro
Lenguaje:eslovaco
Publicado: Košice : MULTIPRINT, s.r.o., 2016
Edición:1. vyd.
Etiquetas: Agregar Etiqueta
Sin Etiquetas, Sea el primero en etiquetar este registro!

MARC

LEADER 00000nam a22000003a 4500
001 0022345
003 SK-STU
005 20220221133529.4
007 ta
008 170224s ----xo-----e------000-0-----d
020 |a 978-80-89551-28-6 
040 |a STU  |b slo 
041 0 |a slo 
044 |a xo 
100 1 |a Koblen, Ivan,  |d 1958-  |u 065200  |4 aut  |9 50  |r Z1  |U MTF Ústav integrovanej bezpečnosti  |T MTF Katedra bezpečnostného inžinierstva  |X 77556  |U M5200  |Y 192  |7 77556 
245 1 0 |a Manažment životného cyklu leteckej techniky I. /  |c aut. Ivan Koblen, Stanislav Szabo ; rec. Michal Tkáč, Vladimír Němec, Ľuboš Socha 
250 |a 1. vyd. 
260 |a Košice :  |b MULTIPRINT, s.r.o.,  |c 2016 
300 |a 248 s. 
700 1 |a Szabo, Stanislav  |4 aut  |9 50 
700 1 |a Tkáč, Michal  |4 rev 
700 1 |a Němec, Vladimír  |4 rev 
700 1 |a Socha, Ľuboš  |4 rev 
996 |b 284M087155  |c M* 13903-1  |l MMKN  |s A  |a 24  |w 0022345_0001